[Event "Finland Team Ch 2010-2011"]
[Site "Helsinki FIN"]
[Date "2011.03.12"]
[Round "-"]
[White "Tiihonen, Ilpo"]
[Black "Piippo, Mikko"]
[Result "0-1"]
[Section "II Division"]
[Stage "Qualifier"]
[Board "8"]
[WhiteTeam "Käpylän Shakkikerho"]
[BlackTeam "Lauttasaaren Shakkikerho"]
[WhiteElo "1891"]
[BlackElo "1813"]

1.d4 f5 2.c4 Nf6 3.Nc3 e6 4.f3 Bb4 5.Bg5 O-O 6.Qc2 c5 7.e3 cxd4 8.exd4
Qa5 9.Ne2 Nc6 10.O-O-O d5 11.Bxf6 Rxf6 12.a3 Bf8?! (12...Bd6) 13.cxd5
exd5 14.Nf4 Ne7 15.Nfxd5 Nxd5 16.Nxd5 Rc6 17.Nc3 Bd7 18.Qb3+ Kh8
19.Rd3 Qc7 (19...Rac8) 20.Kb1 Rc8 21.Be2 Rb6 22.Qa2 g6 23.g3 Bh6 24.f4
Bc6 25.Bf3 Bb5 26.Re3 Bc4 27.Qa1 Bg7 28.Rd1 Bb3 29.Rd2 Rd6 30.d5 Bc4
31.Kc2 Qb6 32.Qe1 Qb3+ 33.Kc1 Bb5 34.Bd1? (34.Kb1) Qa2 35.Rc2??
(35.Re8+ Bxe8 36.Qxe8+ Rxe8 37.Nxa2) Qa1+ 36.Kd2 Bxc3+ 37.Rcxc3 Qxb2+
38.Bc2 Rxd5+ 39.Red3 Rxd3+ 0-1